01747cam a2200421 i 450000100090000000300050000900500170001400800410003101000170007202000300008902000300011902000260014903800100017504000280018504200080021304300120022105000230023308200280025610000290028424500820031325000190039526000480041430000450046233600260050733700280053333800270056152002670058856300070085560000410086265000700090365000390097365000640101265000440107665000440112065000190116465100780118365100640126120703671NUST20220828195128.0181012s2019 nyua 000 0aeng  a 2018048035 a9781538729809 (hardcover) a9781538729823 (paperback) z9781538729816 (ebook) aAzhar aDLCbengcDLCerdadDLC apcc an-us-mo00aF472.O93bG45 201900a977.8493092aB223bGEI1 aGeist, William,eauthor.10aLake of the Ozarks :bmy surreal summers in a vanishing America cBill Geist. aFirst edition. aNew York :bGrand Central Publishing,c2019 axii, 195 pages :billustrations ;c22 cm atextbtxt2rdacontent aunmediatedbn2rdamedia avolumebnc2rdacarrier a"Bill Geist reflects on his coming of age in the American heartland of the Midwest and traces his evolution as a man and a writer, in the summers between high school and college, before he went off to Vietnam and the country went to Hell."--Provided by publisher aHB10aGeist, WilliamxChildhood and youth. 0aSummer resortszMIssourizOzarks, Lake of the, RegionvAnecdotes. 0aTeenage boyszMissourivBiography. 0aTeenagerszMissourixSocial life and customsy20th century. 0aSummer employmentzMissourivAnecdotes. 0aYouthxEmploymentzMissourivAnecdotes. 0aComing of age. 0aOzarks, Lake of the, Region (Mo.)xSocial life and customsy20th century. 0aMissourixSocial life and customsy20th centuryvAnecdotes.